000
00275nam a2200121 a 4500
008
090930s1973|||| d
100
1
_a
Aubryová, C.
245
1
0
_a
Sebastián medzi ľudmi
260
_b
Pravda
_a
Bratislava
_c
1973
041
_a
slo
044
_a
xo
_c
SK
020
_c
25
999
_c
29
_d
29